| 000 | 01048nam a22002417a 4500 | ||
|---|---|---|---|
| 999 |
_c17950 _d17950 |
||
| 003 | AR-CdUCM | ||
| 008 | 190510b ||||| |||| 00| 0 spa d | ||
| 040 |
_aMUNICIPALIDAD PROVINCIAL DEL CUSCO _cBIBLIOTECA MUNICIPAL DEL CUSCO |
||
| 082 |
_a320.006 / _bF31 |
||
| 100 |
_aFayt, Carlos S. _92616 |
||
| 245 | _aCiencia política y ciencia de la información / | ||
| 260 |
_aBuenos Aires : _bEditorial Bibliográfica Argentina, _c1965. |
||
| 300 |
_a95 páginas ; _c19 cm. |
||
| 440 |
_aBibliográfica Omeba. _938228 |
||
| 500 | _aDespués del título "en todos los países de habla Castellana". | ||
| 505 | _aContenido: Ciencia política y ciencia de la información -- Objeto y metodología de las ciencias de la información -- Funciones de los medios de información -- a democracia contemporánea -- La realidad política de nuestro tiempo ... | ||
| 650 |
_aCiencia _92098 |
||
| 650 |
_aPolítica _9291 |
||
| 650 |
_aInformática _938229 |
||
| 700 |
_aLerner, Bernardo (director) _99286 |
||
| 942 |
_2ddc _cLIBROS |
||
| 945 |
_aachl _d2019-05-10 |
||